| 000 | 00955nam a2200277 a 4500 | ||
|---|---|---|---|
| 001 | 000006273 | ||
| 003 | DO-SdBNP | ||
| 005 | 20241010113234.0 | ||
| 008 | 090827t2001 dr ad 001 0 spa d | ||
| 040 |
_aDO-SdBNP _bspa _cBNPHU |
||
| 082 |
_a371.102 _bH557p |
||
| 100 | 1 |
_aHernández Disla, Pablo María, _d1942- _911 |
|
| 245 | 1 | 4 |
_aUna pedagogía para nuestros tiempos / _cPablo María Hernández Disla. |
| 260 |
_aSanto Domingo : _bGoris, _c2001. |
||
| 300 |
_a392 p. : _bil., gráfcs. ; _c21 cm. |
||
| 500 | _aIncluye datos biográficos del autor en la contracubierta | ||
| 504 | _aBibliografía : p.379-392. | ||
| 590 | _aInventariado, 2018/VM | ||
| 650 | 0 |
_aPedagogía _9693 |
|
| 650 | 4 |
_aMétodos de enseñanza _92196 |
|
| 650 | 4 |
_aMetodología en pedagogía _917525 |
|
| 650 | 4 |
_aEducación _xInvestigaciones _913089 |
|
| 650 | 4 |
_aEducación _xRepública dominicana _917526 |
|
| 910 | _aValidado. Control de calidad EMS. | ||
| 942 |
_2ddc _cLBS1 |
||
| 999 |
_c6068 _d6068 |
||